The trading game /

During a summer of baseball and baseball card trading, eleven-year-old Andy makes discoveries about his father, his grandfather, who played professional baseball, and himself.

Bibliographic Details
Main Author: Slote, Alfred
Format: Book
Language:English
Published: New York : HarperCollins, 1992.
Edition:1st Harper Trophy ed.
Subjects:

MARC

Tag First Indicator Second Indicator Subfields
LEADER 00000cam a2200000 a 4500
001 in00001450421
005 20151020160957.0
008 920612s1992 nyu j 000 1 eng d
020 |a 0064404382 :  |c $3.95 
035 |a (OCoLC)26002224 
035 |9 AJC1120AM 
040 |a ACN  |c ACN  |d TXA  |d UtOrBLW 
049 |a TXAM 
090 |a PZ7.S635  |b Trb 1992 
100 1 |a Slote, Alfred. 
245 1 4 |a The trading game /  |c Alfred Slote. 
250 |a 1st Harper Trophy ed. 
264 1 |a New York :  |b HarperCollins,  |c 1992. 
300 |a 200 pages ;  |c 20 cm. 
336 |a text  |b txt  |2 rdacontent 
337 |a unmediated  |b n  |2 rdamedia 
338 |a volume  |b nc  |2 rdacarrier 
520 |a During a summer of baseball and baseball card trading, eleven-year-old Andy makes discoveries about his father, his grandfather, who played professional baseball, and himself. 
650 0 |a Baseball stories. 
650 1 |a Baseball cards  |x Fiction. 
650 1 |a Fathers and sons  |x Fiction. 
650 1 |a Grandfathers  |x Fiction. 
999 |a MARS 
999 f f |s 78cc5451-7a28-39c2-b451-4327345941d6  |i f5660dc5-afaa-3ad4-a55f-c48354872de2  |t 0 
952 f f |p normal  |a Texas A&M University  |b College Station  |c Sterling C. Evans Library  |d Evans: Curriculum Collection (4th floor)  |t 0  |e PZ7.S635 Trb 1992  |h Library of Congress classification  |i unmediated -- volume  |m A14822247706 
998 f f |a PZ7.S635 Trb 1992  |t 0  |l Evans: Curriculum Collection (4th floor)